LEADER 01466nam a2200349 a 4500 001 000000124455 003 CaOOAMICUS 005 20110301112740.0 008 110228s2010 it u000 u ita r 020 $a978-88-13-30628-1 040 $aPUL$bita 082 04$a346.4503 100 1 $aBilancetti, Mauro.$0(OLS)http://pul/name/78606 245 13$aLa responsabilità penale e civile del medico /$cMauro Bilancetti, Francesco Bilancetti. 250 $a7. ed. 260 $aPadova :$bCEDAM,$c2010. 300 $axii, 1172 p. ;$c25 cm 650 4$aDiritto penale.$0(OLS)http://pul/subject/1808 650 4$aResponsabilità civile.$0(OLS)http://pul/subject/17546 650 4$aResponsabilità (Diritto).$0(OLS)http://pul/subject/17883 650 4$aMedici$xResponsabilità$xDiritto.$0(OLS)http://pul/subject/35043 700 1 $aBilancetti, Francesco.$0(OLS)http://pul/name/78607 850 $aPUL 852 $aPUL$W1$xSL Diritto e Scienze Sociali 3$y79$m346. 4503 BILMA 1$j143269$qDDC 21$q $B142307$CPULBib$Z2$F142307 $H115753 $81 941 1 $a9 960 $aPena (diritto)$91808 960 $aPena (diritto)$91808 996 $6020$a978-88-13-30628-1$9(OLS)http://pul/number/146462 996 $6082$a346.4503$9(OLS)http://pul/classification/455 996 $6245$aLa responsabilità penale e civile del medico$9(OLS)http://pul/title/156881 996 $6260$aPadova :$bCEDAM$9(OLS)http://pul/publisher/48126 LEADER 01178nab a2200253 a 4500 001 000000173577 003 CaOOAMICUS 005 20200623103708.0 008 200623s2019 be ar p 0 0fre r 020 $a978-2-503-58719-6* 032 $aLibriCat 040 $aPUL$bita 041 0 $afre$aeng$aita$a$aspa 245 02$aL'alimentation dans l'antiquité tardive . 260 $a[Turnhout, Belgique] :$bBrepols,$c2019. 300 $a418 :$bill., foto ;$c28 cm 500 $aArticoli in francese, inglese, italiano e spagnolo. 650 4$aAlimentazione$xStoria$yEvo medio.$0(OLS)http://pul/subject/11861 730 0 $aAntiquité tardive = Late antiquity = Spätantike = Antichità tarda = Antegüedad Tardía$g[Spogli].$0(OLS)http://pul/title/8397 773 0 $tAntiquité tardive = Late antiquity = Spätantike = Antichità tarda = Antegüedad Tardía$d[Turnhout, Belgique] : Brepols, 1993-$gv. 27 (2019)$w()5723 996 $6020$a978-2-503-58719-6*$9(OLS)http://pul/number/167573 996 $6245$aL'alimentation dans l'antiquité tardive $9(OLS)http://pul/title/214751 996 $6260$a[Turnhout, Belgique] :$bBrepols$9(OLS)http://pul/publisher/50991